000 00247 a2200085 4500
020 _a 9781864706567
100 _a Paolo Ceccon
245 _aPaths, Tracks and Trails: Designing for Pedestrians and Cyclists
260 _bThe Images Publishing Group
_c2016
999 _c13291
_d13291